[Event "SUI-chT"]
[Site "Switzerland"]
[Date "2022.09.17"]
[Round "6.5"]
[White "Nabavi, Parwis"]
[Black "Guex, Pascal"]
[Result "0-1"]
[WhiteElo "2191"]
[BlackElo "2122"]
[PlyCount "136"]
[EventDate "2022.05.01"]
[EventType "team-tourn"]
[EventRounds "9"]
[EventCountry "SUI"]
[SourceTitle "EXT 2023"]
[Source "ChessBase"]
[SourceDate "2022.10.05"]
[SourceVersion "1"]
[SourceVersionDate "2022.10.05"]
[SourceQuality "1"]
[WhiteTeam "Nimzowitsch"]
[BlackTeam "Nyon"]
[WhiteTeamCountry "SUI"]
[BlackTeamCountry "SUI"]

1. d4 d5 2. c4 e6 3. Nc3 Nf6 4. cxd5 exd5 5. Bg5 c6 6. e3 h6 7. Bh4 Be7 8. Qc2 Nbd7 9. Bd3 Nh5 10. Bxe7 Qxe7 11. Nf3 Nf4 12. 0-0 Nxd3 13. Qxd3 0-0 14. Rab1 Nb6 15. Ne5 Re8 16. b4 Be6 17. b5 c5 18. dxc5 Qxc5 19. Rfc1 Rac8 20. Nf3 Qa3 21. Qc2 Rc7 22. Qb3 Qa5 23. Qb2 Rec8 24. Ne2 Nc4 25. Qb3 Nd2 26. Rxc7 Nxb3 27. Rxc8+ Bxc8 28. axb3 Qxb5 29. Nfd4 Qd3 30. Ra1 a6 31. h3 Bd7 32. Nf4 Qc3 33. Ra2 Qc1+ 34. Kh2 Qc7 35. Kg1 Qc1+ 36. Kh2 Qc5 37. Nd3 Qc7+ 38. Kg1 g6 39. Rc2 Qb6 40. Ne5 Qd6 41. f4 a5 42. Kh2 Kg7 43. Ra2 b6 44. Rc2 Kg8 45. g4 Kg7 46. Kg3 b5 47. Kf3 a4 48. b4 Be8 49. Rc8 Qe7 50. Ke2 a3 51. Nd3 Qa7 52. Rxe8 a2 53. Nc2 a1Q 54. Nxa1 Qxa1 55. Re7 Qa2+ 56. Kf3 Qb3 57. Ne5 d4 58. Rxf7+ Kg8 59. Rf6 Qxe3+ 60. Kg2 d3 61. Rxg6+ Kh7 62. Re6 Qe2+ 63. Kg3 Qe1+ 64. Kg2 d2 65. f5 d1Q 66. Re7+ Kg8 67. Re8+ Kg7 68. Re7+ Kf8 0-1

[Event "Verbandsliga Suedbaden 2122"]
[Site "Baden"]
[Date "2022.05.22"]
[Round "5.7"]
[White "Nabavi, Parwis"]
[Black "Jaehn, Michael"]
[Result "0-1"]
[WhiteElo "2172"]
[BlackElo "2072"]
[PlyCount "124"]
[EventDate "2021.10.10"]
[EventType "team-tourn"]
[EventRounds "9"]
[EventCountry "GER"]
[SourceTitle "EXT 2023"]
[Source "ChessBase"]
[SourceDate "2022.10.05"]
[SourceVersion "1"]
[SourceVersionDate "2022.10.05"]
[SourceQuality "1"]
[WhiteTeam "Dreisamtal"]
[BlackTeam "Gottmadingen"]
[WhiteTeamCountry "GER"]
[BlackTeamCountry "GER"]

1. d4 Nf6 2. c4 g6 3. Nc3 Bg7 4. e4 d6 5. Nf3 0-0 6. Be2 c5 7. d5 e6 8. Bf4 Qb6 9. 0-0 Re8 10. Nd2 e5 11. Be3 h5 12. b4 Bd7 13. Rb1 Qc7 14. bxc5 dxc5 15. h3 b6 16. Nb3 Qc8 17. Kh2 Nh7 18. Qd2 Qd8 19. Rbe1 Na6 20. Nc1 f5 21. exf5 gxf5 22. Bh6 Qf6 23. Bxg7 Kxg7 24. Bxh5 Rh8 25. f4 e4 26. Be2 Qh6 27. Nd1 Nf6 28. Ne3 Rag8 29. Rf2 Kf7 30. Bf1 Qh4 31. Nxf5 Bxf5 32. Re3 Qxf2 33. Qxf2 Ng4+ 34. Kg1 Nxf2 35. Kxf2 Nb4 36. g4 Bd7 37. a3 Nc2 38. Rxe4 Re8 39. Re5 Rxe5 40. fxe5 Be8 41. Kg3 Nxa3 42. h4 a5 43. h5 a4 44. Bd3 b5 45. cxb5 Bxb5 46. Bg6+ Ke7 47. Bf5 Nc4 48. Kf4 a3 49. Bg6 Bd7 50. e6 Be8 51. Bd3 Rf8+ 52. Ke4 Nd6+ 53. Ke3 Rh8 54. Be2 Bb5 55. Bf3 Bc4 56. g5 a2 57. Nxa2 Bxa2 58. h6 Bb1 59. Bh5 Be4 60. Bf3 Bxf3 61. Kxf3 Nf5 62. Kf4 Nxh6 0-1

[Event "Verbandsliga Suedbaden 2122"]
[Site "Baden"]
[Date "2022.04.24"]
[Round "9.5"]
[White "Nabavi, Parwis"]
[Black "Metz, Uli"]
[Result "1/2-1/2"]
[WhiteElo "2172"]
[BlackElo "1985"]
[PlyCount "74"]
[EventDate "2021.10.10"]
[EventType "team-tourn"]
[EventRounds "9"]
[EventCountry "GER"]
[SourceTitle "EXT 2023"]
[Source "ChessBase"]
[SourceDate "2022.10.05"]
[SourceVersion "1"]
[SourceVersionDate "2022.10.05"]
[SourceQuality "1"]
[WhiteTeam "Dreisamtal"]
[BlackTeam "Sasbach"]
[WhiteTeamCountry "GER"]
[BlackTeamCountry "GER"]

1. d4 d5 2. c4 Bf5 3. Nf3 e6 4. e3 Nc6 5. Be2 Nf6 6. 0-0 Be7 7. b3 Ne4 8. Bb2 0-0 9. Nc3 Na5 10. Nxe4 Bxe4 11. Qd2 b6 12. Bc3 Nb7 13. Rfd1 c6 14. Rac1 a5 15. a4 Ba3 16. Ra1 Bd6 17. Ne5 Bxe5 18. dxe5 Nc5 19. f3 Bg6 20. Qb2 Qe7 21. b4 axb4 22. Bxb4 Rfc8 23. Qd4 Qc7 24. a5 Nb3 25. axb6 Nxd4 26. bxc7 Nxe2+ 27. Kf2 Rxa1 28. Rxa1 Bd3 29. Ra6 Bxc4 30. Rxc6 h6 31. Bd6 Nc1 32. Rb6 Nd3+ 33. Kg3 f6 34. Rb8 Ba6 35. Rb6 Bc4 36. Rb8 Ba6 37. Rb6 Bc4 1/2-1/2

[Event "Verbandsliga Suedbaden 2122"]
[Site "Baden"]
[Date "2022.03.13"]
[Round "7.4"]
[White "Kalix, Wolfgang"]
[Black "Nabavi, Parwis"]
[Result "0-1"]
[WhiteElo "2008"]
[BlackElo "2172"]
[PlyCount "78"]
[EventDate "2021.10.10"]
[EventType "team-tourn"]
[EventRounds "9"]
[EventCountry "GER"]
[SourceTitle "EXT 2023"]
[Source "ChessBase"]
[SourceDate "2022.10.05"]
[SourceVersion "1"]
[SourceVersionDate "2022.10.05"]
[SourceQuality "1"]
[WhiteTeam "Konstanz"]
[BlackTeam "Dreisamtal"]
[WhiteTeamCountry "GER"]
[BlackTeamCountry "GER"]

1. e4 e5 2. Nf3 Nc6 3. Bb5 a6 4. Ba4 Nf6 5. Qe2 b5 6. Bb3 Be7 7. c3 0-0 8. 0-0 h6 9. d4 exd4 10. cxd4 d5 11. e5 Ne4 12. Nc3 Nxc3 13. bxc3 Bf5 14. Bd2 Qd7 15. Ne1 Rfd8 16. Nc2 Na5 17. Ne3 Nc4 18. Nxf5 Qxf5 19. Rfd1 c5 20. Be3 Na3 21. dxc5 Qxe5 22. Qd3 Nc4 23. Bc2 g6 24. Bd4 Qg5 25. Re1 Bf6 26. Re2 Ne5 27. Qg3 Nc6 28. Bxf6 Qxf6 29. Rae1 Kg7 30. Re3 Rac8 31. Rf3 Qg5 32. Qh3 Ne5 33. Rfe3 Nc6 34. Qf3 d4 35. Re4 Qxc5 36. Bb3 Rc7 37. Rf4 Rdd7 38. Qe2 dxc3 39. Qc2 Nd4 0-1

[Event "Verbandsliga Suedbaden 2122"]
[Site "Baden"]
[Date "2021.10.31"]
[Round "2.7"]
[White "Toedter, Carsten"]
[Black "Nabavi, Parwis"]
[Result "1/2-1/2"]
[WhiteElo "1953"]
[BlackElo "2172"]
[PlyCount "114"]
[EventDate "2021.10.10"]
[EventType "team-tourn"]
[EventRounds "9"]
[EventCountry "GER"]
[SourceTitle "EXT 2023"]
[Source "ChessBase"]
[SourceDate "2022.10.05"]
[SourceVersion "1"]
[SourceVersionDate "2022.10.05"]
[SourceQuality "1"]
[WhiteTeam "Dreilaendereck"]
[BlackTeam "Dreisamtal"]
[WhiteTeamCountry "GER"]
[BlackTeamCountry "GER"]

1. d4 d5 2. c4 e6 3. Nf3 Nf6 4. g3 Be7 5. Bg2 0-0 6. Qc2 dxc4 7. Qxc4 a6 8. Qc2 b5 9. Ne5 Nd5 10. a3 Bb7 11. 0-0 Qc8 12. e4 Nf6 13. Be3 Nfd7 14. Nd3 Rd8 15. Nd2 a5 16. Rfc1 c6 17. Qd1 a4 18. Qe2 Na6 19. b4 axb3 20. Nxb3 Nc7 21. Nb4 Bxb4 22. axb4 Rxa1 23. Rxa1 Na6 24. Qe1 Qc7 25. Na5 Ra8 26. Qc3 Nb6 27. Rc1 Na4 28. Qb3 Rc8 29. d5 c5 30. dxe6 c4 31. exf7+ Qxf7 32. Qb1 Ba8 33. Bd2 Qe7 34. f3 Qa7+ 35. Kh1 Qf2 36. Be1 Qe3 37. Rc2 Rc7 38. Bf2 Qa3 39. Be1 Bc6 40. Nxc6 Rxc6 41. Qd1 Nb6 42. Bc3 Qb3 43. Qd2 Rd6 44. Qe2 Qb1+ 45. Bf1 Rd1 46. Kg2 Rxf1 47. Ra2 Rg1+ 48. Kh3 Na4 49. Rxa4 bxa4 50. Qxc4+ Kf8 51. Qc8+ Ke7 52. Qb7+ Kd8 53. Qa8+ Kd7 54. Qd5+ Kc8 55. Qe6+ Kb7 56. Qd5+ Kc8 57. Qe6+ Kb7 1/2-1/2

[Event "Verbandsliga Suedbaden 1920"]
[Site "Baden"]
[Date "2020.02.02"]
[Round "5.7"]
[White "Bittner, Thomas"]
[Black "Nabavi, Parwis"]
[Result "1-0"]
[WhiteElo "2146"]
[BlackElo "2182"]
[PlyCount "101"]
[EventDate "2019.09.29"]
[EventType "team-tourn"]
[EventRounds "9"]
[EventCountry "GER"]
[SourceTitle "EXT 2021"]
[Source "ChessBase"]
[SourceDate "2020.10.23"]
[SourceVersion "1"]
[SourceVersionDate "2020.10.23"]
[SourceQuality "1"]
[WhiteTeam "Baden-Baden IV"]
[BlackTeam "Dreisamtal"]
[WhiteTeamCountry "GER"]
[BlackTeamCountry "GER"]

1. e4 e5 2. Nf3 Nc6 3. Bc4 Bc5 4. c3 Nf6 5. d3 d6 6. Bb3 a6 7. h3 Ba7 8. Nbd2 0-0 9. Nf1 Ne7 10. Ng3 Ng6 11. 0-0 Re8 12. Be3 Bxe3 13. fxe3 d5 14. exd5 Nxd5 15. Qd2 Be6 16. Ne4 c6 17. Nfg5 h6 18. Nxe6 Rxe6 19. c4 Nf6 20. Nxf6+ Rxf6 21. Rxf6 Qxf6 22. Rf1 Qe7 23. c5 Rf8 24. d4 exd4 25. exd4 Nh4 26. Qf2 g6 27. Re1 Qg5 28. Re5 Qd8 29. d5 cxd5 30. Rxd5 Qe7 31. Rd6 Nf5 32. Rxg6+ Ng7 33. Rxh6 Rc8 34. Rf6 Qxc5 35. Qxc5 Rxc5 36. Rxf7 Kh8 37. Rxb7 Nf5 38. Kh2 Re5 39. Bc4 a5 40. Rb5 Rxb5 41. Bxb5 Kg7 42. a3 Ne3 43. Be2 Nc2 44. Kg3 Kf6 45. Kf4 Nd4 46. Bc4 Nc2 47. g4 Nd4 48. g5+ Kg6 49. b4 Nc6 50. b5 Ne7 51. b6 1-0

[Event "Oberliga Baden 1819"]
[Site "Baden"]
[Date "2019.01.20"]
[Round "5.4"]
[White "Heinemann, Josefine"]
[Black "Nabavi, Parwis"]
[Result "1/2-1/2"]
[WhiteElo "2308"]
[BlackElo "2208"]
[PlyCount "131"]
[EventDate "2018.10.21"]
[EventType "team-tourn"]
[EventRounds "9"]
[EventCountry "GER"]
[SourceTitle "EXT 2020"]
[Source "ChessBase"]
[SourceDate "2019.10.17"]
[SourceVersion "1"]
[SourceVersionDate "2019.10.17"]
[SourceQuality "1"]
[WhiteTeam "Viernheim II"]
[BlackTeam "Dreisamtal"]
[WhiteTeamCountry "GER"]
[BlackTeamCountry "GER"]

1. e4 e5 2. Nf3 Nc6 3. Bb5 a6 4. Ba4 Nf6 5. 0-0 Be7 6. Re1 b5 7. Bb3 d6 8. c3 0-0 9. h3 Na5 10. Bc2 c5 11. d4 Qc7 12. Nbd2 cxd4 13. cxd4 Nc6 14. Nb3 a5 15. Be3 a4 16. Nbd2 Bd7 17. Rc1 Qb7 18. Qe2 Rfe8 19. Bd3 Rab8 20. dxe5 dxe5 21. Bc5 Nh5 22. g3 f6 23. Kh2 g6 24. Bxe7 Rxe7 25. Rc5 Nb4 26. Bb1 Be6 27. a3 Na6 28. Rcc1 Rd7 29. Bd3 Qb6 30. Rc3 b4 31. axb4 Nxb4 32. Bc4 Ng7 33. Ra1 Ra7 34. Kg2 Kh8 35. h4 Nc6 36. Bxe6 Nxe6 37. Qc4 Ncd4 38. Rxa4 Rxa4 39. Qxa4 Qxb2 40. Rc4 Qb7 41. Qa5 Qb6 42. Qxb6 Rxb6 43. Nf1 Nxf3 44. Kxf3 Nd4+ 45. Kg2 Rb7 46. Ne3 Kg7 47. Nd5 f5 48. exf5 gxf5 49. Rc7+ Rxc7 50. Nxc7 Kf6 51. Nd5+ Ke6 52. Ne3 f4 53. gxf4 exf4 54. Nc4 Kf5 55. f3 Nc6 56. Kf2 Ne5 57. Nd6+ Kg6 58. Ne4 h6 59. Nc5 Kh5 60. Ne6 Ng6 61. Kg1 Kxh4 62. Kg2 h5 63. Kh2 Ne5 64. Nxf4 Nxf3+ 65. Kh1 Kg4 66. Nxh5 1/2-1/2

[Event "Oberliga Baden 1718"]
[Site "Baden"]
[Date "2018.02.04"]
[Round "6.5"]
[White "Sipos, Istvan"]
[Black "Nabavi, Parwis"]
[Result "1-0"]
[WhiteElo "2475"]
[BlackElo "2207"]
[PlyCount "79"]
[EventDate "2017.10.08"]
[EventType "team-tourn"]
[EventRounds "9"]
[EventCountry "GER"]
[SourceTitle "EXT 2019"]
[Source "ChessBase"]
[SourceDate "2018.10.10"]
[SourceVersion "1"]
[SourceVersionDate "2018.10.10"]
[SourceQuality "1"]
[WhiteTeam "Buchen"]
[BlackTeam "Dreisamtal"]
[WhiteTeamCountry "GER"]
[BlackTeamCountry "GER"]

1. c4 e6 2. g3 d5 3. Bg2 Nf6 4. Nf3 Be7 5. 0-0 0-0 6. d4 dxc4 7. Qc2 a6 8. a4 Bd7 9. Rd1 Bc6 10. Nc3 Bxf3 11. Bxf3 Nc6 12. Bxc6 bxc6 13. a5 Rb8 14. Qa4 Rb4 15. Qxc6 Qd6 16. Qf3 Qd7 17. e4 Rfb8 18. Qe2 c6 19. Ra2 Qe8 20. Bf4 R8b7 21. Na4 Qd8 22. Nb6 R7xb6 23. axb6 Qxb6 24. Kg2 h6 25. Qc2 Rb5 26. f3 Nd7 27. Qxc4 Rxb2+ 28. Rxb2 Qxb2+ 29. Rd2 Qb5 30. Rc2 c5 31. Qxb5 axb5 32. Ra2 g5 33. Bc1 Bf8 34. Ra7 Nb6 35. Rb7 Na4 36. dxc5 Nxc5 37. Rxb5 Nd3 38. Bd2 Be7 39. Kf1 Bf6 40. f4 1-0

[Event "Oberliga Baden 1718"]
[Site "Baden"]
[Date "2017.10.22"]
[Round "2.3"]
[White "Nabavi, Parwis"]
[Black "Gasthofer, Alexander"]
[Result "1/2-1/2"]
[WhiteElo "2197"]
[BlackElo "2419"]
[PlyCount "26"]
[EventDate "2017.10.08"]
[EventType "team-tourn"]
[EventRounds "9"]
[EventCountry "GER"]
[SourceTitle "EXT 2019"]
[Source "ChessBase"]
[SourceDate "2018.10.10"]
[SourceVersion "1"]
[SourceVersionDate "2018.10.10"]
[SourceQuality "1"]
[WhiteTeam "Dreisamtal"]
[BlackTeam "Bad Mergentheim"]
[WhiteTeamCountry "GER"]
[BlackTeamCountry "GER"]

1. d4 d5 2. c4 c6 3. cxd5 cxd5 4. Nf3 Nc6 5. Nc3 Nf6 6. Bf4 Bf5 7. e3 e6 8. Bd3 Bxd3 9. Qxd3 Bd6 10. Bxd6 Qxd6 11. 0-0 0-0 12. Rac1 Rac8 13. Rfd1 Rfd8 1/2-1/2

[Event "Oberliga Baden 1617"]
[Site "Baden"]
[Date "2017.02.19"]
[Round "6.8"]
[White "Wenner, Tobias"]
[Black "Nabavi, Parwis"]
[Result "0-1"]
[WhiteElo "2056"]
[BlackElo "2181"]
[PlyCount "74"]
[EventDate "2016.10.16"]
[EventType "team-tourn"]
[EventRounds "9"]
[EventCountry "GER"]
[SourceTitle "EXT 2018"]
[Source "ChessBase"]
[SourceDate "2017.10.13"]
[SourceVersion "1"]
[SourceVersionDate "2017.10.13"]
[SourceQuality "1"]
[WhiteTeam "Ladenburg"]
[BlackTeam "Dreisamtal"]
[WhiteTeamCountry "GER"]
[BlackTeamCountry "GER"]

1. Nf3 d5 2. g3 Nf6 3. Bg2 e6 4. 0-0 Be7 5. d3 0-0 6. Nbd2 c5 7. e4 Nc6 8. e5 Nd7 9. Re1 b5 10. Nf1 a5 11. h4 b4 12. h5 a4 13. h6 g6 14. Bf4 g5 15. Nxg5 Ndxe5 16. Qc1 Ng6 17. Bd2 Qd6 18. Nh2 Bd7 19. Nh3 e5 20. Bg5 f6 21. Be3 Rad8 22. f4 Rde8 23. fxe5 fxe5 24. Qd2 Nd4 25. c3 Nf5 26. Bf2 bxc3 27. bxc3 Bd8 28. Rf1 Kh8 29. Rab1 Nge7 30. Kh1 Nxh6 31. Bxc5 Qxc5 32. Rxf8+ Rxf8 33. Qxh6 Nf5 34. d4 exd4 35. Qf4 Bc7 36. cxd4 Bxf4 37. dxc5 Nxg3+ 0-1

[Event "Oberliga Baden 1617"]
[Site "Baden"]
[Date "2017.01.15"]
[Round "4.7"]
[White "Nabavi, Parwis"]
[Black "Lang, Alexander"]
[Result "1-0"]
[WhiteElo "2181"]
[BlackElo "2068"]
[PlyCount "145"]
[EventDate "2016.10.16"]
[EventType "team-tourn"]
[EventRounds "9"]
[EventCountry "GER"]
[SourceTitle "EXT 2018"]
[Source "ChessBase"]
[SourceDate "2017.10.13"]
[SourceVersion "1"]
[SourceVersionDate "2017.10.13"]
[SourceQuality "1"]
[WhiteTeam "Dreisamtal"]
[BlackTeam "Oberwinden"]
[WhiteTeamCountry "GER"]
[BlackTeamCountry "GER"]

1. d4 Nf6 2. Nf3 g6 3. e3 Bg7 4. Be2 d6 5. 0-0 0-0 6. b3 c5 7. Bb2 Nc6 8. c4 Qc7 9. Nc3 a6 10. h3 e6 11. Qc2 b6 12. Rfd1 Bb7 13. Rac1 Rfe8 14. a3 Rad8 15. Qb1 cxd4 16. Nxd4 Nxd4 17. exd4 Rd7 18. Qd3 Qd8 19. Bf3 Bxf3 20. Qxf3 Qa8 21. Qxa8 Rxa8 22. Nb1 Rc8 23. d5 e5 24. Nc3 Rdc7 25. a4 Nd7 26. Ba3 Bf8 27. Ne4 Nc5 28. Bxc5 bxc5 29. g4 Be7 30. g5 Rb7 31. Rd3 Kg7 32. Kg2 h6 33. h4 Rh8 34. Rh1 Rd7 35. Rhh3 f5 36. gxf6+ Bxf6 37. Rdf3 Rf8 38. h5 g5 39. Rf5 Be7 40. Rxf8 Kxf8 41. Kf3 Kf7 42. Kg4 Rd8 43. Kf5 Rf8 44. Rc3 Rb8 45. Re3 Rf8 46. Rd3 Rc8 47. Rf3 Rf8 48. Kg4+ Kg7 49. Rxf8 Kxf8 50. Kf5 Kf7 51. a5 Bf8 52. Nf6 Be7 53. Nd7 Bd8 54. Nb8 Bxa5 55. Nxa6 Be1 56. f3 Ba5 57. Nb8 Bc7 58. Nc6 Bb6 59. b4 cxb4 60. Nxb4 Bc5 61. Na2 Be3 62. Nc3 Bd2 63. Ne4 Bb4 64. Nf6 Bd2 65. Ng4 Kg7 66. Ke6 Bb4 67. Nf2 Bc5 68. Nd3 Bd4 69. Kxd6 Kf6 70. c5 e4 71. fxe4 g4 72. c6 Bb6 73. c7 1-0

[Event "GER CupT Baden"]
[Site "Baden"]
[Date "2013.07.20"]
[Round "4.4"]
[White "Bittner, Thomas"]
[Black "Nabavi, Parwis"]
[Result "1-0"]
[WhiteElo "2163"]
[BlackElo "2148"]
[PlyCount "123"]
[EventDate "2013.04.28"]
[EventType "team-k.o."]
[EventRounds "5"]
[EventCountry "GER"]
[SourceTitle "EXT 2014"]
[Source "ChessBase"]
[SourceDate "2013.11.20"]
[SourceVersion "1"]
[SourceVersionDate "2013.11.20"]
[SourceQuality "1"]
[WhiteTeam "Baden-Baden"]
[BlackTeam "Dreisamtal"]
[WhiteTeamCountry "GER"]
[BlackTeamCountry "GER"]

1. e4 e5 2. Bc4 Nc6 3. Nf3 Bc5 4. c3 Nf6 5. d3 d6 6. Bb3 a6 7. h3 0-0 8. Bg5 h6 9. Bh4 g5 10. Bg3 Nh5 11. Bh2 Nf4 12. Bxf4 gxf4 13. Qe2 Qf6 14. Nbd2 Bd7 15. 0-0-0 b5 16. g4 Kh8 17. Rdg1 Rg8 18. Bd5 Rae8 19. h4 Qg6 20. g5 h5 21. Nh2 Nd8 22. Bb3 Ne6 23. Bd1 Ng7 24. Bc2 Bb6 25. Ndf3 Re7 26. Kb1 Rd8 27. Rd1 Ree8 28. Rd2 Bc8 29. Rhd1 c5 30. d4 Qe6 31. dxe5 dxe5 32. Rd5 Rxd5 33. Rxd5 f6 34. Qd2 Qe7 35. Rd6 Rd8 36. Rxd8+ Bxd8 37. gxf6 Qxf6 38. Qd5 Be7 39. Qxe5 Qxe5 40. Nxe5 Kg8 41. Ng6 Bd8 42. Nf3 Ne6 43. Bb3 Kg7 44. Bxe6 Bxe6 45. Nxf4 Bg4 46. Ne5 Bxh4 47. f3 Bg3 48. fxg4 Bxf4 49. Nd3 Bd6 50. gxh5 Kh6 51. e5 Be7 52. Nf4 Bg5 53. e6 Kg7 54. Ng6 Kf6 55. e7 Kf7 56. Kc2 Bxe7 57. Nxe7 Kxe7 58. Kd3 Kf6 59. Ke4 Kg5 60. Kd5 c4 61. Kc5 Kxh5 62. Kb6 1-0

[Event "Stuttgart-chA int"]
[Site "Ditzingen"]
[Date "2013.05.10"]
[Round "4"]
[White "Nabavi, Parwis"]
[Black "Englert, Fabian"]
[Result "1-0"]
[WhiteElo "2139"]
[BlackElo "2244"]
[PlyCount "79"]
[EventDate "2013.05.09"]
[EventType "swiss"]
[EventRounds "7"]
[EventCountry "GER"]
[SourceTitle "EXT 2014"]
[Source "ChessBase"]
[SourceDate "2013.11.20"]
[SourceVersion "1"]
[SourceVersionDate "2013.11.20"]
[SourceQuality "1"]

1. d4 Nf6 2. c4 c5 3. d5 e6 4. Nc3 exd5 5. cxd5 Bd6 6. e4 0-0 7. Bd3 Bc7 8. Nf3 d6 9. Nd2 Re8 10. 0-0 a6 11. a4 Nbd7 12. Nc4 Rb8 13. Bf4 Nf8 14. a5 Ng6 15. Bg3 Qe7 16. e5 Nxe5 17. Bxe5 dxe5 18. d6 Bxd6 19. Nxd6 Rd8 20. Nxc8 Rbxc8 21. Qe2 Rd4 22. f3 Rcd8 23. Rfd1 Nh5 24. g3 g6 25. f4 Qd7 26. fxe5 Qh3 27. Be4 Nxg3 28. hxg3 Qxg3+ 29. Bg2 Re8 30. Rxd4 cxd4 31. Ne4 Qxe5 32. Nf6+ Kh8 33. Qxe5 Rxe5 34. Bxb7 d3 35. Nd5 h5 36. Rd1 Re2 37. Bxa6 Rxb2 38. Bxd3 Ra2 39. a6 h4 40. Nb4 1-0

[Event "Leipzig VfB op 20th"]
[Site "Leipzig"]
[Date "2013.03.08"]
[Round "6"]
[White "Meissner, Felix"]
[Black "Nabavi, Parwis"]
[Result "1-0"]
[WhiteElo "2267"]
[BlackElo "2134"]
[PlyCount "71"]
[EventDate "2013.03.05"]
[EventType "swiss"]
[EventRounds "9"]
[EventCountry "GER"]
[SourceTitle "EXT 2014"]
[Source "ChessBase"]
[SourceDate "2013.11.20"]
[SourceVersion "1"]
[SourceVersionDate "2013.11.20"]
[SourceQuality "1"]

1. d4 d5 2. c4 e6 3. Nc3 Nf6 4. cxd5 exd5 5. Bg5 Be7 6. e3 c6 7. Bd3 0-0 8. Qc2 Nbd7 9. Nge2 Re8 10. 0-0 Nf8 11. Rae1 Nh5 12. Bxe7 Qxe7 13. Ng3 Nxg3 14. fxg3 Be6 15. Kh1 c5 16. Qf2 c4 17. Bb1 Rad8 18. e4 dxe4 19. Bxe4 f5 20. Bxf5 Qd7 21. Rxe6 Rxe6 22. Bxe6+ Nxe6 23. d5 Nc7 24. Rd1 Nb5 25. Nxb5 Qxb5 26. Qd4 Rd6 27. Qe4 h6 28. Qe5 Qd7 29. h3 b5 30. a3 Qd8 31. Rd4 a5 32. Kh2 Kh8 33. Rg4 Rd7 34. Rg6 Kh7 35. Qe4 Kh8 36. Re6 1-0